000 01041nam a22002892 4500
001 0000003726
005 20151217151930.0
008 070514s xx 000 0 eng d
020 _cKES 480
040 _aKABU
_cKABU
050 0 _aQC32
_b.R383 1994
100 1 _aRees, W. G.
_@0000153828
245 1 0 _aPhysics by example :
_b200 problems and solutions /
_cW. G. Rees.
260 _aCambridge :
_bCambridge Univeristy Press,
_c1994.
300 _a374 p.
650 0 _aPhysics
_xProblems, exercises, etc.
_@0000153827
908 _a070514
950 _@1
999 _c6475
_d6475